00302nam a2200109Ia 4500008004100000020001900041082001800060100002100078245003600099260004700135300001000182250731s9999 xx 000 0 und d a98623333545624 a 340.5495 ALI aAbdul Razzaq Ali 0aDhiguvaahaka liyumah kuru mageh aMale Maldivesb Dhagatha Publishers c2012 a326p.